000 00429nam a22001817a 4500
005 20180718151116.0
008 160512b xxu||||| |||| 00| 0 eng d
020 _a978-0-07-022116-1
041 _aeng
082 _b1698
_a658.1599
100 _aAPTE,P G
_94554
245 _aInternational Financial Management
250 _a5TH ED.
260 _aNew Delhi
_bTMH
300 _a636p,
650 _aManagement
_9241
942 _cBK
999 _c657
_d657